| 000 | 01015nam a22002057a 4500 | ||
|---|---|---|---|
| 999 |
_c2373 _d2373 |
||
| 003 | AR-CdUCM | ||
| 008 | 190304b ||||| |||| 00| 0 spa d | ||
| 040 |
_aMUNICIPALIDAD PROVINCIAL DEL CUSCO _cBIBLIOTECA MUNICIPAL DEL CUSCO |
||
| 082 |
_a344.2 / _bC33 |
||
| 100 |
_aCastañeda Sanchez, Miguel G. _98528 |
||
| 245 |
_aDerecho penal, parte especial : _bDelitos contra el patrimonio / |
||
| 260 |
_aCusco : _bImprenta Amauta S.A.Ltda, _c2003. |
||
| 300 |
_a331 páginas ; _c20.5 cm. |
||
| 505 | _aContenido: Modelos de derecho penal -- Sistemas para analizar delitos -- Funciones del derecho penal -- Clasificación de delitos patrimoniales -- Tipología delictiva según nuestro C.P. -- Delito de Hurto -- Delito de robo -- Robo Agravado o calificado -- Delito de abigeato -- Delitos de apropiación ilícita ... | ||
| 650 |
_aDerecho Penal - Perú _98529 |
||
| 650 |
_aDelitos contra el patrimonio - Ley _98530 |
||
| 650 |
_aLeyes - Patrimonio _98531 |
||
| 942 |
_2ddc _cLIBROS |
||
| 945 |
_alccs _d2019-03-04 |
||